[Event "TUR-chT 1st League"]
[Site "Denizli"]
[Date "2023.07.13"]
[Round "7.43"]
[White "Unver, Cumali"]
[Black "Unat, Can Haktan"]
[Result "0-1"]
[WhiteElo "2052"]
[BlackElo "2256"]
[PlyCount "79"]
[EventDate "2023.07.09"]
[EventType "team-swiss"]
[EventRounds "9"]
[EventCountry "TUR"]
[SourceTitle "CBM 215 Extra"]
[Source "ChessBase"]
[SourceDate "2023.09.30"]
[SourceVersion "1"]
[SourceVersionDate "2023.09.30"]
[SourceQuality "1"]
[WhiteTeam "Gokyay Vakfi"]
[BlackTeam "Guzelbahce Altyapi"]
[WhiteTeamCountry "TUR"]
[BlackTeamCountry "TUR"]

1. e4 c5 2. c3 Nf6 3. e5 Nd5 4. Nf3 d6 5. d4 cxd4 6. cxd4 Nc6 7. Bc4 dxe5 8. dxe5 Be6 9. Bb3 Ndb4 10. 0-0 Qxd1 11. Rxd1 Bxb3 12. axb3 g6 13. Nc3 Bg7 14. Nd5 0-0-0 15. Nc3 Nc2 16. Ra4 Rxd1+ 17. Nxd1 Rd8 18. Nc3 b5 19. Re4 b4 20. Bd2 bxc3 21. bxc3 Nxe5 22. Nxe5 Rxd2 23. h4 Rd1+ 24. Kh2 f5 25. Rc4+ Kb7 26. Nc6 Rd3 27. Nxe7 Rxc3 28. Rxc3 Bxc3 29. h5 gxh5 30. Nxf5 Na1 31. Nd6+ Kc6 32. Ne4 Be5+ 33. Kh3 Nxb3 34. Kh4 a5 35. f4 Bd4 36. f5 a4 37. f6 Bxf6+ 38. Nxf6 a3 39. Ne4 a2 40. Ng3 0-1

[Event "TUR-chT 1st League"]
[Site "Denizli"]
[Date "2023.07.11"]
[Round "4.43"]
[White "Unver, Cumali"]
[Black "Koc, Suleyman Sarp"]
[Result "1/2-1/2"]
[WhiteElo "2052"]
[BlackElo "1995"]
[PlyCount "80"]
[EventDate "2023.07.09"]
[EventType "team-swiss"]
[EventRounds "9"]
[EventCountry "TUR"]
[SourceTitle "CBM 215 Extra"]
[Source "ChessBase"]
[SourceDate "2023.09.30"]
[SourceVersion "1"]
[SourceVersionDate "2023.09.30"]
[SourceQuality "1"]
[WhiteTeam "Gokyay Vakfi"]
[BlackTeam "Olbia Satranc"]
[WhiteTeamCountry "TUR"]
[BlackTeamCountry "TUR"]

1. e4 c5 2. Nf3 d6 3. c3 Nf6 4. Be2 Nc6 5. d4 cxd4 6. cxd4 Nxe4 7. d5 Qa5+ 8. Nc3 Nxc3 9. bxc3 Ne5 10. Nxe5 dxe5 11. 0-0 g6 12. Rb1 a6 13. c4 Bg7 14. Be3 0-0 15. Bb6 Qxa2 16. Ra1 Qb2 17. Bc5 e4 18. Rb1 Qe5 19. Qa4 b5 20. cxb5 Qxd5 21. Bxe7 Re8 22. Qb4 Qe6 23. Bc5 axb5 24. Bxb5 Bd7 25. Bc4 Qe5 26. Bd6 Qf6 27. Bd5 Ra4 28. Qc5 Qf5 29. Rfd1 Rc8 30. Qe3 Be6 31. Bxe6 Qxe6 32. h3 h5 33. Rb8 Rxb8 34. Bxb8 Kh7 35. Bf4 Be5 36. Bxe5 Qxe5 37. h4 Rc4 38. g3 Qf5 39. Rd4 Rxd4 40. Qxd4 Qf3 1/2-1/2

[Event "TUR-chT 1st League"]
[Site "Denizli"]
[Date "2023.07.09"]
[Round "1.93"]
[White "Uysal, Ugur"]
[Black "Unver, Cumali"]
[Result "1/2-1/2"]
[WhiteElo "1774"]
[BlackElo "2052"]
[PlyCount "145"]
[EventDate "2023.07.09"]
[EventType "team-swiss"]
[EventRounds "9"]
[EventCountry "TUR"]
[SourceTitle "CBM 215 Extra"]
[Source "ChessBase"]
[SourceDate "2023.09.30"]
[SourceVersion "1"]
[SourceVersionDate "2023.09.30"]
[SourceQuality "1"]
[WhiteTeam "Ankara Demirspor"]
[BlackTeam "Gokyay Vakfi"]
[WhiteTeamCountry "TUR"]
[BlackTeamCountry "TUR"]

1. Nf3 d5 2. d4 Nf6 3. c4 c6 4. Nc3 e6 5. e3 Nbd7 6. Qc2 Bd6 7. Be2 0-0 8. 0-0 e5 9. cxd5 cxd5 10. Nb5 Bb8 11. dxe5 Nxe5 12. Rd1 Qb6 13. Nbd4 Bd7 14. Bd2 Ne4 15. Be1 Rc8 16. Qb3 Qxb3 17. Nxb3 Be6 18. Nfd4 Nc4 19. Nxe6 fxe6 20. Bg4 Kf7 21. Nd4 Re8 22. Rab1 Be5 23. b3 Na3 24. Rbc1 Bxd4 25. Rc7+ Re7 26. Rxe7+ Kxe7 27. exd4 Nc2 28. Rc1 Nxd4 29. Rc7+ Kd6 30. Rxb7 Rc8 31. Bb4+ Kc6 32. Rxg7 Kb5 33. Ba3 Rc2 34. h3 Rxa2 35. Rxa7 Ra1+ 36. Kh2 Nc2 37. Bxe6 Rxa3 38. Rxa3 Nxa3 39. Bxd5 Nxf2 40. Kg3 Nd1 41. Bg8 h6 42. Kh4 Ne3 43. g3 Nf5+ 44. Kg4 Ng7 45. Kf4 Kc5 46. Ke5 Kc6 47. Bf7 Kd7 48. Kf6 Ne8+ 49. Bxe8+ Kxe8 50. Kg6 Nc2 51. g4 Nd4 52. b4 Ke7 53. Kxh6 Kf7 54. Kg5 Ne6+ 55. Kf5 Nd4+ 56. Ke4 Ne6 57. Ke5 Ng5 58. b5 Ke7 59. Kd5 Nxh3 60. Kc6 Ng5 61. b6 Ne6 62. g5 Kf7 63. Kd6 Nd8 64. Kc7 Ne6+ 65. Kd6 Nd8 66. Kc7 Ne6+ 67. Kd7 Nc5+ 68. Kc6 Na6 69. b7 Kg6 70. Kb6 Nb8 71. Kc7 Na6+ 72. Kc8 Kxg5 73. b8B 1/2-1/2

[Event "Titled Tuesday intern op 10th May Early"]
[Site "Chess.com INT"]
[Date "2022.05.10"]
[Round "2"]
[White "Unver, Cumali"]
[Black "Jaskolka, Tomasz"]
[Result "0-1"]
[WhiteElo "2046"]
[BlackElo "2214"]
[PlyCount "44"]
[EventDate "2022.05.10"]
[EventType "swiss (blitz)"]
[EventRounds "11"]
[EventCountry "USA"]
[SourceTitle "CBM 208 Extra"]
[Source "ChessBase"]
[SourceDate "2022.07.31"]
[SourceVersion "1"]
[SourceVersionDate "2022.07.31"]
[SourceQuality "1"]

1. e4 c5 2. Nf3 e6 3. c3 Nf6 4. e5 Nd5 5. d4 cxd4 6. cxd4 d6 7. a3 Be7 8. Bd3 0-0 9. Qc2 h6 10. 0-0 b6 11. Qe2 dxe5 12. dxe5 f5 13. exf6 Nxf6 14. Rd1 Qe8 15. Nc3 Nc6 16. Bf4 Qf7 17. Ne5 Nxe5 18. Bxe5 Bb7 19. Ne4 Nxe4 20. Bxe4 Bxe4 21. Qxe4 Qxf2+ 22. Kh1 Qf5 0-1

[Event "Titled Tuesday intern op 26th Apr Early"]
[Site "Chess.com INT"]
[Date "2022.04.26"]
[Round "3"]
[White "D'Arruda, Ricardo D"]
[Black "Unver, Cumali"]
[Result "1/2-1/2"]
[WhiteElo "2271"]
[BlackElo "2046"]
[PlyCount "101"]
[EventDate "2022.04.26"]
[EventType "swiss (blitz)"]
[EventRounds "11"]
[EventCountry "USA"]
[SourceTitle "CBM 208 Extra"]
[Source "ChessBase"]
[SourceDate "2022.07.31"]
[SourceVersion "1"]
[SourceVersionDate "2022.07.31"]
[SourceQuality "1"]

1. Nf3 Nf6 2. d4 g6 3. Nc3 Bg7 4. e4 d6 5. Bg5 0-0 6. Qd2 c5 7. dxc5 dxc5 8. Qxd8 Rxd8 9. e5 Ng4 10. Bxe7 Re8 11. Bxc5 Nxe5 12. Nxe5 Rxe5+ 13. Be3 Bh6 14. 0-0-0 Bxe3+ 15. fxe3 Nc6 16. e4 Bg4 17. Rd2 f5 18. Bc4+ Kh8 19. h3 Bh5 20. exf5 gxf5 21. Rd5 Rae8 22. Rxe5 Rxe5 23. Rf1 Kg7 24. Bd5 Be8 25. Kd2 b6 26. Re1 Rxe1 27. Kxe1 Nd4 28. Kd2 f4 29. Ne2 Nxe2 30. Kxe2 Kf6 31. Be4 h6 32. Kf3 Ke5 33. Bd3 Bh5+ 34. Kf2 a5 35. c3 Bf7 36. g3 Bxa2 37. h4 Bd5 38. Bb5 fxg3+ 39. Kxg3 Kf5 40. Bd3+ Ke5 41. Kg4 Bf7 42. Bc2 b5 43. Bd3 b4 44. cxb4 axb4 45. Bb1 Be8 46. Bh7 Bf7 47. Bc2 Be8 48. Bb1 Bf7 49. Bc2 Be8 50. Bb1 Bf7 51. Bc2 1/2-1/2

[Event "Titled Tuesday intern op 26th Apr Early"]
[Site "Chess.com INT"]
[Date "2022.04.26"]
[Round "4"]
[White "Unver, Cumali"]
[Black "Terzi, Alexei"]
[Result "0-1"]
[WhiteElo "2046"]
[BlackElo "2286"]
[PlyCount "56"]
[EventDate "2022.04.26"]
[EventType "swiss (blitz)"]
[EventRounds "11"]
[EventCountry "USA"]
[SourceTitle "CBM 208 Extra"]
[Source "ChessBase"]
[SourceDate "2022.07.31"]
[SourceVersion "1"]
[SourceVersionDate "2022.07.31"]
[SourceQuality "1"]

1. e4 c5 2. Nf3 Nc6 3. c3 Nf6 4. e5 Nd5 5. d4 cxd4 6. cxd4 e6 7. a3 d6 8. Bd3 Be7 9. 0-0 0-0 10. Qc2 h6 11. Qe2 dxe5 12. dxe5 f5 13. exf6 Nxf6 14. Rd1 Qa5 15. Nc3 Qh5 16. Bc4 Kh8 17. Bxe6 Bxe6 18. Qxe6 Bc5 19. Be3 Rae8 20. Qc4 Rxe3 21. fxe3 Bxe3+ 22. Kh1 Ng4 23. Rd5 Nf2+ 24. Kg1 Ne4+ 25. Kf1 Rxf3+ 26. gxf3 Qxf3+ 27. Ke1 Bf2+ 28. Kf1 Bg3+ 0-1

[Event "Titled Tuesday intern op 01st Feb-A"]
[Site "Chess.com INT"]
[Date "2022.02.01"]
[Round "3"]
[White "Balabayeva, Kseniya"]
[Black "Unver, Cumali"]
[Result "1/2-1/2"]
[WhiteElo "2179"]
[BlackElo "2046"]
[PlyCount "114"]
[EventDate "2022.02.01"]
[EventType "swiss (blitz)"]
[EventRounds "11"]
[EventCountry "USA"]
[SourceTitle "CBM 206 Extra"]
[Source "ChessBase"]
[SourceDate "2022.03.31"]
[SourceVersion "1"]
[SourceVersionDate "2022.03.31"]
[SourceQuality "1"]

1. e4 e5 2. Nf3 Nc6 3. Bb5 a6 4. Ba4 Nf6 5. 0-0 Be7 6. Bxc6 dxc6 7. d3 Nd7 8. Nbd2 0-0 9. Nc4 f6 10. Ne3 Rf7 11. c3 Bf8 12. b3 Nc5 13. d4 exd4 14. cxd4 Nxe4 15. Bb2 Be6 16. Qc2 Bd5 17. a3 Bd6 18. Rfe1 Re7 19. Nc4 Qd7 20. Re2 Rae8 21. Rae1 b6 22. h3 a5 23. Ne3 g6 24. Nh2 f5 25. Nf3 Re6 26. Nxd5 cxd5 27. Ne5 Bxe5 28. dxe5 c5 29. f3 Ng3 30. Rd2 d4 31. Qc4 Kg7 32. f4 Ne4 33. Rde2 Qb7 34. Qd3 h5 35. a4 Qc6 36. Rxe4 fxe4 37. Rxe4 Rc8 38. g4 hxg4 39. hxg4 c4 40. bxc4 Qxc4 41. Qxd4 Qxd4+ 42. Bxd4 Rc4 43. f5 gxf5 44. gxf5 Re8 45. e6+ Kg8 46. f6 Rxe6 47. Rxe6 Rxd4 48. Rxb6 Rxa4 49. Ra6 Rf4 50. Kg2 Kf7 51. Kg3 Rxf6 52. Rxa5 Kg6 53. Kg4 Re6 54. Rg5+ Kf6 55. Rf5+ Ke7 56. Kf4 Rf6 57. Rxf6 Kxf6 1/2-1/2

[Event "Titled Tuesday intern op 01st Feb-A"]
[Site "Chess.com INT"]
[Date "2022.02.01"]
[Round "2"]
[White "Unver, Cumali"]
[Black "Zhukova, Natalia"]
[Result "0-1"]
[WhiteElo "2046"]
[BlackElo "2335"]
[PlyCount "104"]
[EventDate "2022.02.01"]
[EventType "swiss (blitz)"]
[EventRounds "11"]
[EventCountry "USA"]
[SourceTitle "CBM 206 Extra"]
[Source "ChessBase"]
[SourceDate "2022.03.31"]
[SourceVersion "1"]
[SourceVersionDate "2022.03.31"]
[SourceQuality "1"]

1. e4 e5 2. Nf3 Nc6 3. Nc3 Nf6 4. d4 exd4 5. Nxd4 Bb4 6. Nxc6 bxc6 7. Bd3 0-0 8. 0-0 Re8 9. Qf3 d6 10. h3 h6 11. Bd2 Nd7 12. Qg3 Qf6 13. f4 Rb8 14. Rae1 Qg6 15. Qxg6 fxg6 16. e5 Nf8 17. exd6 Rxe1 18. Rxe1 cxd6 19. Re8 Kf7 20. Re2 d5 21. Nd1 Bxd2 22. Rxd2 Bf5 23. g3 Ne6 24. h4 Nc5 25. b3 Re8 26. Kf2 Ne4+ 27. Bxe4 Bxe4 28. Ne3 g5 29. hxg5 hxg5 30. fxg5 Rh8 31. Ng4 Kg6 32. Ke3 Kxg5 33. Nf2 Re8 34. Kd4 Bf3 35. Kc5 Re6 36. c4 dxc4 37. bxc4 Kf5 38. a4 Re3 39. a5 g5 40. Nd3 Be4 41. Nb4 Rxg3 42. Nxc6 Rc3 43. Nxa7 g4 44. Nb5 Rc1 45. Ra2 g3 46. a6 g2 47. Rxg2 Bxg2 48. a7 Ra1 49. Kb6 Ke5 50. Nc7 Kd6 51. a8Q Bxa8 52. c5+ Kd7 0-1

[Event "Titled Tuesday intern op 21st Dec"]
[Site "Chess.com INT"]
[Date "2021.12.21"]
[Round "5"]
[White "Bethke, Richard"]
[Black "Unver, Cumali"]
[Result "1-0"]
[WhiteElo "2327"]
[BlackElo "2046"]
[PlyCount "81"]
[EventDate "2021.12.21"]
[EventType "swiss (blitz)"]
[EventRounds "11"]
[EventCountry "USA"]
[SourceTitle "CBM 205 Extra"]
[Source "ChessBase"]
[SourceDate "2022.01.31"]
[SourceVersion "1"]
[SourceVersionDate "2022.01.31"]
[SourceQuality "1"]

1. e4 d6 2. Nf3 Nf6 3. d4 Nxe4 4. Bc4 d5 5. Bb3 c6 6. c4 e6 7. 0-0 Be7 8. Ne5 0-0 9. f3 Nf6 10. Nc3 Nbd7 11. Qe1 Nxe5 12. dxe5 Nd7 13. Bf4 Nc5 14. Bc2 Qb6 15. Kh1 Qxb2 16. Rf2 Qb6 17. Be3 Qc7 18. cxd5 cxd5 19. f4 g6 20. Nb5 Qd8 21. Nd4 Bd7 22. g4 Ne4 23. Bxe4 dxe4 24. f5 exf5 25. gxf5 Bg5 26. f6 Bxe3 27. Qxe3 Kh8 28. Qh6 Rg8 29. Rf4 Qf8 30. Qg5 h6 31. Rh4 Kh7 32. Rg1 Rd8 33. Rg3 Rh8 34. e6 Kg8 35. Qe5 Bxe6 36. Nxe6 Qe8 37. Qf4 Qxe6 38. Rhg4 Kh7 39. Kg2 Rd6 40. Qxh6+ Kg8 41. Qg7# 1-0

[Event "Titled Tuesday intern op 21st Dec"]
[Site "Chess.com INT"]
[Date "2021.12.21"]
[Round "2"]
[White "Golichenko, Ilja"]
[Black "Unver, Cumali"]
[Result "1/2-1/2"]
[WhiteElo "2413"]
[BlackElo "2046"]
[PlyCount "113"]
[EventDate "2021.12.21"]
[EventType "swiss (blitz)"]
[EventRounds "11"]
[EventCountry "USA"]
[SourceTitle "CBM 205 Extra"]
[Source "ChessBase"]
[SourceDate "2022.01.31"]
[SourceVersion "1"]
[SourceVersionDate "2022.01.31"]
[SourceQuality "1"]

1. d4 Nf6 2. c4 e6 3. Nc3 Bb4 4. Qc2 0-0 5. a3 Bxc3+ 6. Qxc3 d5 7. Bg5 c6 8. e3 Nbd7 9. Nf3 b6 10. Bd3 Ba6 11. cxd5 Bxd3 12. dxe6 Ba6 13. exd7 Qxd7 14. Bxf6 gxf6 15. 0-0-0 Qd5 16. Rhe1 Rfe8 17. Kb1 Bc8 18. Rc1 Bf5+ 19. Ka1 Rac8 20. Qc4 Qa5 21. Qc3 Qd5 22. Nd2 Be6 23. b3 c5 24. dxc5 Rxc5 25. Qd4 Qxd4+ 26. exd4 Rxc1+ 27. Rxc1 Rd8 28. Nf3 Bxb3 29. Rc7 Bd5 30. Nh4 Be6 31. Nf3 Bd5 32. Nh4 Be6 33. Rxa7 Rxd4 34. g3 Rd2 35. f4 f5 36. Nf3 Rf2 37. Nd4 Rxh2 38. Nxe6 fxe6 39. Rb7 Rg2 40. Rxb6 Kf7 41. a4 Rxg3 42. Ka2 Rg2+ 43. Rb2 Rxb2+ 44. Kxb2 Ke7 45. Kc3 Kd6 46. Kd4 h5 47. Ke3 e5 48. a5 exf4+ 49. Kxf4 h4 50. a6 Kc6 51. Kf3 Kb6 52. Kg2 Kxa6 53. Kh3 Kb5 54. Kxh4 Kc4 55. Kg3 Kd3 56. Kf4 Kd4 57. Kxf5 1/2-1/2

[Event "Titled Tuesday intern op 19th Oct"]
[Site "Chess.com INT"]
[Date "2021.10.19"]
[Round "1"]
[White "Djokic, Mihailo"]
[Black "Unver, Cumali"]
[Result "1/2-1/2"]
[WhiteElo "2213"]
[BlackElo "2046"]
[PlyCount "119"]
[EventDate "2021.10.19"]
[EventType "swiss (blitz)"]
[EventRounds "11"]
[EventCountry "USA"]
[SourceTitle "CBM 204 Extra"]
[Source "ChessBase"]
[SourceDate "2021.11.30"]
[SourceVersion "1"]
[SourceVersionDate "2021.11.30"]
[SourceQuality "1"]

1. e4 d6 2. d4 Nf6 3. Nc3 e5 4. Nf3 Nc6 5. Bb5 Bd7 6. 0-0 Be7 7. Re1 a6 8. Bxc6 Bxc6 9. dxe5 dxe5 10. Qxd8+ Rxd8 11. Nxe5 Bxe4 12. Nxe4 Nxe4 13. Bf4 Nc5 14. Nf3 Ne6 15. Bg3 Bd6 16. c3 Bxg3 17. hxg3 Ke7 18. Nd4 Rd6 19. Nf5+ Kd7 20. Nxd6 cxd6 21. Rad1 Rc8 22. Rd5 Rc6 23. Rf5 Ke7 24. a4 Rb6 25. b4 Rc6 26. Re3 Rc4 27. f4 b6 28. a5 b5 29. Rd5 Kd7 30. f5 Ng5 31. Rd4 Rc8 32. f6 g6 33. Re7+ Kc6 34. c4 Rb8 35. cxb5+ Rxb5 36. Rc4+ Kd5 37. Rg4 h6 38. Rxg5+ hxg5 39. Rxf7 Rxb4 40. Ra7 Ke6 41. f7 Rb8 42. Rxa6 Kxf7 43. Rxd6 Rb1+ 44. Kh2 Ra1 45. Rd5 Kf6 46. Rb5 g4 47. Rb6+ Kg5 48. a6 Kh5 49. Rc6 g5 50. Rc8 Rxa6 51. Rh8+ Kg6 52. Re8 Ra1 53. Re2 Rb1 54. Re4 Kh5 55. Re8 Ra1 56. Rh8+ Kg6 57. Rg8+ Kh5 58. Rb8 Ra2 59. Rb6 Rxg2+ 60. Kxg2 1/2-1/2

[Event "Titled Tuesday intern op 19th Oct"]
[Site "Chess.com INT"]
[Date "2021.10.19"]
[Round "6"]
[White "Unver, Cumali"]
[Black "Lehtosaari, Mauri"]
[Result "0-1"]
[WhiteElo "2046"]
[BlackElo "2199"]
[PlyCount "94"]
[EventDate "2021.10.19"]
[EventType "swiss (blitz)"]
[EventRounds "11"]
[EventCountry "USA"]
[SourceTitle "CBM 204 Extra"]
[Source "ChessBase"]
[SourceDate "2021.11.30"]
[SourceVersion "1"]
[SourceVersionDate "2021.11.30"]
[SourceQuality "1"]

1. e4 c5 2. Nf3 e6 3. c3 Nf6 4. e5 Nd5 5. d4 d6 6. a3 Nc6 7. Bd3 cxd4 8. cxd4 dxe5 9. dxe5 Be7 10. 0-0 b6 11. Qc2 Bb7 12. Rd1 h6 13. Nc3 Nxc3 14. Qxc3 Qc8 15. Qe1 Na5 16. Qe3 0-0 17. b4 Nb3 18. Rb1 Nxc1 19. Rbxc1 Qe8 20. Rc7 Bd5 21. Bb1 Bd8 22. Rcc1 a5 23. h4 axb4 24. axb4 Be7 25. h5 Qb5 26. Rd4 Rac8 27. Rcd1 Rfd8 28. Rg4 Kf8 29. Kh2 Rc4 30. Rdd4 Rxd4 31. Rxd4 Qf1 32. Kg3 Qxb1 33. Qf4 Qf5 34. Qe3 Qc2 35. Qf4 Qc7 36. Nh4 Bxh4+ 37. Qxh4 Qc3+ 38. f3 Qc2 39. Qf4 Qf5 40. Qe3 Qg5+ 41. Qxg5 hxg5 42. Kg4 f6 43. h6 gxh6 44. exf6 Kf7 45. Kh5 Kxf6 46. g4 e5 47. Rd2 Bf7+ 0-1

[Event "TUR-chT 1st League"]
[Site "Konya"]
[Date "2019.07.28"]
[Round "9.6"]
[White "Unver, Cumali"]
[Black "Ikis, Melih Firat"]
[Result "1/2-1/2"]
[WhiteElo "2050"]
[BlackElo "1938"]
[PlyCount "26"]
[EventDate "2019.07.22"]
[EventType "team-swiss"]
[EventRounds "9"]
[EventCountry "TUR"]
[SourceTitle "CBM 191 Extra"]
[Source "ChessBase"]
[SourceDate "2019.09.30"]
[SourceVersion "1"]
[SourceVersionDate "2019.09.30"]
[SourceQuality "1"]
[WhiteTeam "Varyant Genclik"]
[BlackTeam "Aydin Egitim Merkezi"]
[WhiteTeamCountry "TUR"]
[BlackTeamCountry "TUR"]

1. e4 c5 2. Nf3 g6 3. Nc3 Bg7 4. d4 cxd4 5. Nxd4 d6 6. Be3 Nf6 7. Bc4 a6 8. h3 0-0 9. Qd2 Nbd7 10. Qd1 Nb8 11. Qd2 Nbd7 12. Qd1 Nb8 13. Qd2 Nbd7 1/2-1/2

[Event "TUR-chT2"]
[Site "Konya"]
[Date "2017.07.15"]
[Round "9.1"]
[White "Unver, Cumali"]
[Black "Sahin, Deniz"]
[Result "1-0"]
[WhiteElo "2073"]
[BlackElo "1797"]
[PlyCount "133"]
[EventDate "2017.07.09"]
[EventType "team-swiss"]
[EventRounds "9"]
[EventCountry "TUR"]
[SourceTitle "CBM 179 Extra"]
[Source "ChessBase"]
[SourceDate "2017.08.23"]
[SourceVersion "1"]
[SourceVersionDate "2017.08.23"]
[SourceQuality "1"]
[WhiteTeam "Ankara DSI Genclik"]
[BlackTeam "Cendosk Cendere Doga"]
[WhiteTeamCountry "TUR"]
[BlackTeamCountry "TUR"]

1. e4 c5 2. Nf3 e6 3. d3 Nc6 4. g3 Qc7 5. Bg2 Nf6 6. 0-0 Be7 7. Re1 d6 8. c3 e5 9. Nbd2 0-0 10. a4 Re8 11. Nc4 Be6 12. Ng5 Bxc4 13. dxc4 Na5 14. b3 a6 15. Nf3 Rab8 16. Bf1 Nc6 17. Nh4 g6 18. Ng2 Bf8 19. Ne3 Ne7 20. Qd3 Qc6 21. Bg2 b5 22. cxb5 axb5 23. a5 b4 24. cxb4 Rxb4 25. Nc2 Rbb8 26. Bd2 Qb5 27. Qxb5 Rxb5 28. b4 cxb4 29. Nxb4 Ra8 30. a6 Nd7 31. Bf1 Rb6 32. Reb1 Nc5 33. f3 Kg7 34. Bc4 f5 35. Be3 h6 36. Bxc5 dxc5 37. Nd5 Nxd5 38. exd5 Rb4 39. Rxb4 cxb4 40. Ra5 Ra7 41. Kf1 Kf6 42. Ke2 Bd6 43. Kd3 Ke7 44. Bb5 Bc7 45. Ra4 Kd6 46. Bc6 Kc5 47. Bb7 Kb5 48. Ra1 Bd6 49. Rc1 Bc5 50. g4 Kb6 51. Kc4 Bd6 52. gxf5 gxf5 53. Rg1 e4 54. fxe4 fxe4 55. Rg6 Kc7 56. Rxh6 e3 57. h4 Bg3 58. Re6 Bxh4 59. Rxe3 Bg5 60. Re2 Kb6 61. Kxb4 Bf4 62. Re6+ Kc7 63. Kc5 Bg3 64. d6+ Kd7 65. Re7+ Kd8 66. Kc6 Be1 67. Rg7 1-0

[Event "TUR-chT2"]
[Site "Konya"]
[Date "2017.07.11"]
[Round "4.1"]
[White "Bal, Enes Emre"]
[Black "Unver, Cumali"]
[Result "1/2-1/2"]
[WhiteElo "1961"]
[BlackElo "2073"]
[PlyCount "86"]
[EventDate "2017.07.09"]
[EventType "team-swiss"]
[EventRounds "9"]
[EventCountry "TUR"]
[SourceTitle "CBM 179 Extra"]
[Source "ChessBase"]
[SourceDate "2017.08.23"]
[SourceVersion "1"]
[SourceVersionDate "2017.08.23"]
[SourceQuality "1"]
[WhiteTeam "Pendik Dernegi"]
[BlackTeam "Ankara DSI Genclik"]
[WhiteTeamCountry "TUR"]
[BlackTeamCountry "TUR"]

1. e4 e5 2. Nf3 Nc6 3. Bc4 Nf6 4. d3 Bc5 5. c3 d6 6. Bb3 a6 7. 0-0 Ba7 8. Nbd2 0-0 9. h3 h6 10. Re1 Nh5 11. Nf1 Qf6 12. Be3 Nf4 13. Ng3 g6 14. d4 h5 15. Bc2 Re8 16. Bxf4 Qxf4 17. Qd3 Qf6 18. Ne2 d5 19. exd5 e4 20. Qe3 Bf5 21. Qg5 Qxg5 22. Nxg5 Ne7 23. Bxe4 Bxe4 24. Nxe4 Nxd5 25. N2g3 Kg7 26. Ng5 c5 27. dxc5 Bxc5 28. N3e4 Be7 29. Rad1 Rad8 30. Nf3 Nf4 31. Rxd8 Rxd8 32. Nd4 f5 33. Nd2 Bf6 34. N2b3 Kf7 35. Kf1 Rd6 36. Rd1 h4 37. Rd2 Ke7 38. Nf3 Rxd2 39. Nfxd2 Nd3 40. Nc4 b5 41. Ne3 Nxb2 42. Nd5+ Ke6 43. Nxf6 Kxf6 1/2-1/2

[Event "TUR-chT2"]
[Site "Konya"]
[Date "2016.07.22"]
[Round "9.2"]
[White "Zeydan, Salih"]
[Black "Unver, Cumali"]
[Result "0-1"]
[WhiteElo "1989"]
[BlackElo "2074"]
[PlyCount "132"]
[EventDate "2016.07.17"]
[EventType "team-swiss"]
[EventRounds "9"]
[EventCountry "TUR"]
[SourceTitle "CBM 173 Extra"]
[Source "ChessBase"]
[SourceDate "2016.08.29"]
[SourceVersion "1"]
[SourceVersionDate "2016.08.29"]
[SourceQuality "1"]
[WhiteTeam "Istanbul Darussafaka"]
[BlackTeam "Sivas Varyant"]
[WhiteTeamCountry "TUR"]
[BlackTeamCountry "TUR"]

1. e4 e5 2. Nf3 Nc6 3. Bc4 Be7 4. c3 Nf6 5. d3 0-0 6. 0-0 d6 7. Bb3 Na5 8. Bc2 c5 9. Re1 Nc6 10. Nbd2 b5 11. Nf1 Rb8 12. h3 Re8 13. g4 Nd7 14. Ne3 Nb6 15. Nf5 Bf8 16. Bg5 f6 17. Bc1 d5 18. Qe2 Be6 19. Rd1 Rb7 20. Kh2 Rd7 21. Be3 d4 22. cxd4 Nxd4 23. N3xd4 cxd4 24. Bc1 Rc7 25. Bb3 Qd7 26. Bd2 Rec8 27. Rdc1 Na4 28. Rxc7 Rxc7 29. Ba5 Rc6 30. Qd2 Bxb3 31. axb3 Nc5 32. Qd1 g6 33. Ng3 Bh6 34. Bb4 Ne6 35. Bd2 Bxd2 36. Qxd2 Ng5 37. Kg2 h5 38. f3 Qc7 39. Ne2 Rc2 40. Qd1 hxg4 41. hxg4 Rxb2 42. Rc1 Rxe2+ 43. Kf1 Qxc1 44. Qxc1 Re3 45. Qc8+ Kg7 46. Qd7+ Kh6 47. Qxb5 Ne6 48. b4 Nf4 49. Qd7 Nxd3 50. b5 Re1+ 51. Kg2 Nf4+ 52. Kf2 Re2+ 53. Kf1 d3 54. Qxa7 d2 55. Qa1 Re1+ 56. Qxe1 dxe1Q+ 57. Kxe1 Ne6 58. b6 Nd8 59. Kd2 Kg7 60. Kc3 Kf7 61. Kc4 Ke6 62. Kc5 g5 63. Kc4 Kd6 64. Kb5 Nb7 65. Ka6 Kc6 66. Ka7 Nc5 0-1

[Event "TUR-chT2"]
[Site "Konya"]
[Date "2016.07.21"]
[Round "8.2"]
[White "Unver, Cumali"]
[Black "Ozalp, Burak"]
[Result "1/2-1/2"]
[WhiteElo "2074"]
[BlackElo "2169"]
[PlyCount "25"]
[EventDate "2016.07.17"]
[EventType "team-swiss"]
[EventRounds "9"]
[EventCountry "TUR"]
[SourceTitle "CBM 173 Extra"]
[Source "ChessBase"]
[SourceDate "2016.08.29"]
[SourceVersion "1"]
[SourceVersionDate "2016.08.29"]
[SourceQuality "1"]
[WhiteTeam "Sivas Varyant"]
[BlackTeam "Burdur Callica"]
[WhiteTeamCountry "TUR"]
[BlackTeamCountry "TUR"]

1. b3 b6 2. Bb2 Bb7 3. Nf3 Nf6 4. e3 e6 5. c4 Be7 6. d4 d6 7. Be2 Nbd7 8. Nbd2 0-0 9. 0-0 Ne4 10. Nxe4 Bxe4 11. Nd2 Bb7 12. Bf3 Bxf3 13. Qxf3 1/2-1/2